[Event "CAN-op"]
[Site "Edmonton CAN"]
[Date "2000.07.12"]
[Round "6"]
[White "Yoos, John"]
[Black "Niksic, John"]
[Result "1-0"]
[WhiteElo "2373"]
[BlackElo "2125"]
[PlyCount "99"]
[GameId "2160767911694796"]
[EventDate "2000.07.08"]
[EventType "swiss"]
[EventRounds "10"]
[EventCountry "CAN"]
[SourceTitle "EXT 2001"]
[Source "ChessBase"]
[SourceDate "2000.11.22"]
[SourceVersion "1"]
[SourceVersionDate "2000.11.22"]
[SourceQuality "1"]

1. e4 e6 2. d4 d5 3. e5 c5 4. c3 Qb6 5. a3 a5 6. Nf3 Nc6 7. Bd3 Bd7 8. Bc2 Be7 9. O-O c4 10. a4 Qc7 11. Re1 b5 12. axb5 Na7 13. Nbd2 Bxb5 14. Nf1 h5 15. Ng5 Bxg5 16. Bxg5 Ne7 17. Ng3 g6 18. Bf6 Rg8 19. Nf1 Nac8 20. Ne3 Nb6 21. h3 Kd7 22. Bg5 Rh8 23. Bf6 Rhg8 24. Nf1 Kc6 25. Nd2 a4 26. Nf3 Kb7 27. Ng5 Nc6 28. Nh7 Na5 29. Bh4 Nb3 30. Ra3 Nc8 31. Ng5 Na7 32. Qf3 Rgf8 33. Qe3 Bc6 34. Nf3 Nb5 35. Ra2 a3 36. Nd2 Nxd2 37. Qxd2 axb2 38. Rxb2 Rfb8 39. Reb1 Kc8 40. Qh6 Qd7 41. Qf8+ Qe8 42. Qc5 Nxc3 43. Rb6 Rxb6 44. Rxb6 Kc7 45. Be7 Rc8 46. Ra6 Nb5 47. Ra7+ Nxa7 48. Qxa7+ Bb7 49. Bd6+ Kd8 50. Qb6+ 1-0

[Event "CAN-op"]
[Site "Edmonton CAN"]
[Date "2000.07.12"]
[Round "6"]
[White "Zubac, Marius"]
[Black "Kaptsan, Aron"]
[Result "1-0"]
[WhiteElo "2308"]
[BlackElo "2073"]
[PlyCount "91"]
[GameId "2160767911694797"]
[EventDate "2000.07.08"]
[EventType "swiss"]
[EventRounds "10"]
[EventCountry "CAN"]

1. d4 d5 2. c4 dxc4 3. Nf3 Nf6 4. Nc3 g6 5. e4 Bg7 6. e5 Nd5 7. Bxc4 Nb6 8. Bb3 O-O 9. h4 Bg4 10. h5 Nc6 11. hxg6 hxg6 12. Be3 Na5 13. Bc2 Nac4 14. Bh6 Bxh6 15. Rxh6 Kg7 16. Rh4 Bxf3 17. Qxf3 e6 18. Qf4 Rh8 19. Rxh8 Qxh8 20. O-O-O Qh6 21. Qxh6+ Kxh6 22. b3 Na5 23. Be4 c6 24. Kc2 Nd5 25. Rh1+ Kg7 26. Bxd5 cxd5 27. Nb5 Nc6 28. Kc3 a6 29. Nd6 b5 30. Rh3 f6 31. exf6+ Kxf6 32. f4 g5 33. fxg5+ Kxg5 34. Rf3 Ra7 35. Nf7+ Kg6 36. Ne5+ Nxe5 37. dxe5 Rf7 38. Rg3+ Kh7 39. Kd4 Rf2 40. Kc5 Re2 41. Kd6 d4 42. Kxe6 Re3 43. Rg4 d3 44. Kf7 Kh6 45. e6 Re2 46. e7 1-0

[Event "CAN-op"]
[Site "Edmonton CAN"]
[Date "2000.07.13"]
[Round "7"]
[White "Allan, Phillip"]
[Black "Schmitz, Andreas"]
[Result "0-1"]
[WhiteElo "2037"]
[BlackElo "2182"]
[PlyCount "70"]
[GameId "2160767911694798"]
[EventDate "2000.07.08"]
[EventType "swiss"]
[EventRounds "10"]
[EventCountry "CAN"]

1. e4 e6 2. d4 d5 3. Nc3 Bb4 4. e5 c5 5. Bd2 Ne7 6. a3 Bxc3 7. Bxc3 Nbc6 8. Nf3 cxd4 9. Bxd4 Nf5 10. c3 Bd7 11. Be2 O-O 12. O-O f6 13. Bd3 fxe5 14. Bxe5 Nh4 15. Bd6 Rxf3 16. gxf3 e5 17. Kh1 Bh3 18. Rg1 Qxd6 19. Rg3 Bf5 20. Qe2 Bxd3 21. Qxd3 Ne7 22. Rd1 Nef5 23. Rg4 Rd8 24. c4 h5 25. Rg5 Qf6 26. Rdg1 dxc4 27. Qxc4+ Qf7 28. Qxf7+ Kxf7 29. Rxh5 Rd2 30. h3 Rxf2 31. Rg4 Rf1+ 32. Kh2 Nxf3+ 33. Kg2 Ne3+ 34. Kg3 Nxg4 35. Rf5+ Nf6 0-1

[Event "CAN-op"]
[Site "Edmonton CAN"]
[Date "2000.07.13"]
[Round "7"]
[White "Anderson, Ashton"]
[Black "McKim, Fred"]
[Result "0-1"]
[WhiteElo "1764"]
[BlackElo "2062"]
[PlyCount "86"]
[GameId "2160767911694799"]
[EventDate "2000.07.08"]
[EventType "swiss"]
[EventRounds "10"]
[EventCountry "CAN"]

1. e4 e5 2. Nf3 Nc6 3. Bc4 Nf6 4. Ng5 d5 5. exd5 Nd4 6. c3 b5 7. Bf1 Nxd5 8. Ne4 Qh4 9. Ng3 Bg4 10. f3 Nf5 11. Bxb5+ Kd8 12. O-O Bc5+ 13. d4 exd4 14. Nxf5 Bxf5 15. Bc6 d3+ 16. Kh1 Nb6 17. Bxa8 Nxa8 18. Qe1 Qxe1 19. Rxe1 f6 20. Nd2 Nb6 21. Nb3 Bf2 22. Rd1 Re8 23. g4 Bg6 24. Nd4 Bxd4 25. cxd4 Re2 26. Rf1 d2 27. b3 dxc1=Q 28. Rfxc1 Nd5 29. Rc5 Nb4 30. Ra5 Nc2 31. Rd1 Rf2 32. Rxa7 Rxf3 33. a4 Rf4 34. h3 Rf3 35. Rb7 Rxh3+ 36. Kg2 Rc3 37. d5 Ne3+ 38. Kh2 Nxd1 39. a5 Kc8 40. Rb4 Rc5 41. Ra4 Nc3 42. Ra1 Nxd5 43. a6 Kb8 0-1

[Event "CAN-op"]
[Site "Edmonton CAN"]
[Date "2000.07.13"]
[Round "7"]
[White "Bestvater, Eric"]
[Black "Goutor, Evgeni"]
[Result "0-1"]
[WhiteElo "1699"]
[BlackElo "1702"]
[PlyCount "62"]
[GameId "2160767911694801"]
[EventDate "2000.07.08"]
[EventType "swiss"]
[EventRounds "10"]
[EventCountry "CAN"]

1. e4 d6 2. d4 Nf6 3. Nc3 g6 4. Be2 Bg7 5. Nf3 O-O 6. O-O b6 7. Re1 Bb7 8. Bf1 h6 9. Bf4 Nbd7 10. Qd2 Kh7 11. Rad1 Ng8 12. Bd3 c5 13. dxc5 Nxc5 14. a3 Nxd3 15. Qxd3 Rc8 16. e5 dxe5 17. Bxe5 f6 18. Bg3 e5 19. Nh4 Ne7 20. Qb5 Qe8 21. Qxe8 Rfxe8 22. Rd7 Rb8 23. Nb5 Bc6 24. Red1 Bxd7 25. Rxd7 Red8 26. Rxd8 Rxd8 27. h3 a6 28. Nc7 a5 29. Nf3 Rd1+ 30. Kh2 Rc1 31. Nd2 Rxc2 0-1

[Event "CAN-op"]
[Site "Edmonton CAN"]
[Date "2000.07.13"]
[Round "7"]
[White "Bojovic, Gavrilo"]
[Black "Weis, Rod"]
[Result "1-0"]
[WhiteElo "2093"]
[BlackElo "1858"]
[PlyCount "55"]
[GameId "2160767911694802"]
[EventDate "2000.07.08"]
[EventType "swiss"]
[EventRounds "10"]
[EventCountry "CAN"]

1. e4 d5 2. exd5 Qxd5 3. Nc3 Qa5 4. Nf3 Nf6 5. Bc4 c6 6. d4 Bf5 7. O-O e6 8. h3 Nbd7 9. Nh4 Be7 10. d5 Nxd5 11. Nxf5 exf5 12. Bxd5 cxd5 13. Nxd5 Nf6 14. Nxe7 Kxe7 15. Re1+ Kf8 16. Qd6+ Kg8 17. Re5 Ne4 18. Rxa5 Nxd6 19. Rd5 Ne4 20. Rxf5 Re8 21. Be3 b6 22. Rd1 f6 23. Rd7 h6 24. Rxa7 Rb8 25. Re7 Nd6 26. Rd5 Nc4 27. Rdd7 Rh7 28. Bd4 1-0

[Event "CAN-op"]
[Site "Edmonton CAN"]
[Date "2000.07.13"]
[Round "7"]
[White "Brodie, Hugh"]
[Black "Strub, Michael"]
[Result "1-0"]
[WhiteElo "1968"]
[BlackElo "1579"]
[PlyCount "53"]
[GameId "2160767911694803"]
[EventDate "2000.07.08"]
[EventType "swiss"]
[EventRounds "10"]
[EventCountry "CAN"]

1. e4 e5 2. Nc3 Nf6 3. f4 d6 4. Nf3 Nc6 5. Bc4 Be7 6. O-O O-O 7. d3 Bg4 8. h3 Bxf3 9. Qxf3 Nd4 10. Qd1 exf4 11. Bxf4 Ne6 12. Bd2 c6 13. Bb3 Nd4 14. Ne2 Nxb3 15. axb3 Re8 16. Ng3 d5 17. exd5 Bc5+ 18. Kh1 Nxd5 19. Qf3 Qd7 20. Nf5 Re6 21. Qg4 g6 22. Nh6+ Kh8 23. Rxf7 Qe8 24. c4 Re2 25. Qg5 Re5 26. Bc3 Nxc3 27. Qf6# 1-0

[Event "CAN-op"]
[Site "Edmonton CAN"]
[Date "2000.07.13"]
[Round "7"]
[White "Bubar, Rob"]
[Black "Marks, Terry"]
[Result "1-0"]
[WhiteElo "1666"]
[BlackElo "1593"]
[PlyCount "71"]
[GameId "2160767911694804"]
[EventDate "2000.07.08"]
[EventType "swiss"]
[EventRounds "10"]
[EventCountry "CAN"]

1. e4 e6 2. d4 d5 3. Nc3 Bb4 4. e5 c5 5. a3 Bxc3+ 6. bxc3 Qc7 7. Bb2 Nh6 8. Be2 b6 9. Nf3 Ba6 10. O-O Bxe2 11. Qxe2 Nc6 12. Ng5 O-O-O 13. Rfb1 c4 14. a4 a6 15. Ba3 Nf5 16. g4 Nh4 17. Bd6 Qa7 18. Ra2 Rd7 19. Rab2 Rb7 20. Bc5 Kc7 21. Bd6+ Kc8 22. f4 h6 23. Nf3 g5 24. Bc5 Ng6 25. f5 Nf4 26. Qe3 Na5 27. Rxb6 Qa8 28. R1b4 Kd7 29. h4 Rg8 30. hxg5 hxg5 31. Nxg5 Ne2+ 32. Qxe2 Rxb6 33. Rxb6 Rxg5 34. fxe6+ fxe6 35. Rd6+ Ke8 36. Rxe6+ 1-0

[Event "CAN-op"]
[Site "Edmonton CAN"]
[Date "2000.07.13"]
[Round "7"]
[White "Cable, Lindi"]
[Black "Miller, Chris"]
[Result "0-1"]
[WhiteElo "1312"]
[BlackElo "1557"]
[PlyCount "66"]
[GameId "2160767911694805"]
[EventDate "2000.07.08"]
[EventType "swiss"]
[EventRounds "10"]
[EventCountry "CAN"]

1. d4 Nf6 2. Nf3 e6 3. Bg5 Be7 4. Bf4 O-O 5. Nbd2 Nc6 6. c3 b6 7. e3 Bb7 8. Bd3 Nd5 9. Bg3 f5 10. O-O Bd6 11. Ne5 Bxe5 12. dxe5 d6 13. f4 Nxe3 14. Qh5 Nxf1 15. Nxf1 dxe5 16. fxe5 Qxd3 17. Rd1 Qc2 18. Rd2 Qe4 19. Qg5 Nxe5 20. Bxe5 Qxe5 21. Ng3 h6 22. Qg6 Qe1+ 23. Nf1 Rf6 24. Qh5 Ba6 25. Rf2 Rd8 26. Rf3 Rd1 27. h3 Bxf1 28. Kh2 Be2 29. Qe8+ Kh7 30. Re3 Qg1+ 31. Kg3 f4+ 32. Kh4 Qf2+ 33. Rg3 Qxg3# 0-1

[Event "CAN-op"]
[Site "Edmonton CAN"]
[Date "2000.07.13"]
[Round "7"]
[White "Campbell, John"]
[Black "Venning, Ron"]
[Result "1-0"]
[WhiteElo "1455"]
[BlackElo "1713"]
[PlyCount "81"]
[GameId "2160767911694806"]
[EventDate "2000.07.08"]
[EventType "swiss"]
[EventRounds "10"]
[EventCountry "CAN"]

1. e4 d5 2. exd5 Qxd5 3. Nc3 Qa5 4. d4 Nf6 5. Nf3 Bf5 6. Bd2 Nbd7 7. Bc4 c6 8. O-O Qc7 9. Re1 Nb6 10. Bb3 e6 11. Bg5 Be7 12. Ne2 h6 13. Bf4 Bd6 14. Bxd6 Qxd6 15. Ng3 Bh7 16. c3 O-O-O 17. Ne5 Rhf8 18. a4 Bg8 19. a5 Nbd7 20. Nc4 Qb8 21. Bc2 Nd5 22. Qd2 f5 23. b4 Qc7 24. Na3 N7f6 25. c4 f4 26. cxd5 fxg3 27. fxg3 exd5 28. Bd3 Kb8 29. Rec1 Be6 30. b5 Qd6 31. bxc6 bxc6 32. Nc2 Ka8 33. Nb4 Bd7 34. Na6 Be8 35. Rab1 Rf7 36. Nc5 Rb8 37. Rxb8+ Qxb8 38. Rb1 Qc8 39. Ba6 Qf5 40. Qb2 Ne4 41. Qb8# 1-0

[Event "CAN-op"]
[Site "Edmonton CAN"]
[Date "2000.07.13"]
[Round "7"]
[White "Carayanniotis, George"]
[Black "MacNab, John"]
[Result "0-1"]
[WhiteElo "998"]
[BlackElo "1674"]
[PlyCount "60"]
[GameId "2160767911694807"]
[EventDate "2000.07.08"]
[EventType "swiss"]
[EventRounds "10"]
[EventCountry "CAN"]

1. d4 Nf6 2. Nc3 d5 3. Bg5 e6 4. e4 dxe4 5. Nxe4 Be7 6. Nxf6+ Bxf6 7. Bxf6 Qxf6 8. Nf3 O-O 9. Bd3 Nd7 10. O-O c5 11. Bb5 cxd4 12. Qxd4 Qxd4 13. Nxd4 a6 14. Bd3 Nf6 15. Rfe1 Re8 16. a4 e5 17. Nb3 Bd7 18. Nc5 Bc6 19. f3 Rac8 20. Ne4 Nxe4 21. Bxe4 Bxe4 22. Rxe4 Rxc2 23. Rae1 f6 24. f4 Rxb2 25. fxe5 Rxe5 26. Rxe5 fxe5 27. Rxe5 Kf7 28. Kf1 b5 29. Re2 Rxe2 30. Kxe2 bxa4 0-1

[Event "CAN-op"]
[Site "Edmonton CAN"]
[Date "2000.07.13"]
[Round "7"]
[White "Carayanniotis, Jason"]
[Black "Sutton, Jack"]
[Result "1-0"]
[WhiteElo "977"]
[BlackElo "1331"]
[PlyCount "87"]
[GameId "2160767911694808"]
[EventDate "2000.07.08"]
[EventType "swiss"]
[EventRounds "10"]
[EventCountry "CAN"]

1. d4 d5 2. Nc3 Nf6 3. Bg5 e6 4. e4 Be7 5. e5 Ne4 6. Bxe7 Qxe7 7. Nxe4 dxe4 8. Qg4 O-O 9. c3 a6 10. Qxe4 c6 11. Nf3 b5 12. Bd3 g6 13. O-O Bb7 14. Kh1 c5 15. Qe3 c4 16. Bc2 Nd7 17. Rg1 Nb6 18. Be4 Nd5 19. Qh6 Rab8 20. a3 Bc6 21. g4 Qb7 22. Rg3 a5 23. Rh3 f6 24. Bxg6 hxg6 25. Qh8+ Kf7 26. Rh7+ Ke8 27. Rxb7 Rxb7 28. Qh3 Rg7 29. Kg1 Rfg8 30. Kf1 g5 31. exf6 Nxf6 32. Qg3 Ne4 33. Qb8+ Kf7 34. Qc7+ Kg6 35. Qxc6 Nf6 36. Qxe6 Re8 37. Ne5+ Kh7 38. Qxf6 Reg8 39. Ke2 Rg6 40. Nxg6 Rxg6 41. Qf7+ Kh6 42. Qe8 Rg7 43. Rh1 b4 44. Qh5# 1-0

[Event "CAN-op"]
[Site "Edmonton CAN"]
[Date "2000.07.13"]
[Round "7"]
[White "Clemens, John"]
[Black "Arseneau, Peter"]
[Result "0-1"]
[WhiteElo "1564"]
[BlackElo "1896"]
[PlyCount "58"]
[GameId "2160767911694809"]
[EventDate "2000.07.08"]
[EventType "swiss"]
[EventRounds "10"]
[EventCountry "CAN"]

1. e4 e6 2. d4 d5 3. Nd2 Nf6 4. e5 Nfd7 5. Nb3 c5 6. c3 Nc6 7. Be3 cxd4 8. cxd4 Bb4+ 9. Nd2 O-O 10. Ngf3 f6 11. exf6 Qxf6 12. a3 Bd6 13. g3 e5 14. Bg2 e4 15. Nh4 Nb6 16. Qh5 Be6 17. O-O g6 18. Qd1 g5 19. f3 gxh4 20. fxe4 Qg7 21. e5 Be7 22. Bf4 hxg3 23. Nb3 gxh2+ 24. Kh1 Qg4 25. Qd2 Nc4 26. Qc1 Rf7 27. Rf3 Kh8 28. Qf1 Raf8 29. Nc5 Bxc5 0-1

[Event "CAN-op"]
[Site "Edmonton CAN"]
[Date "2000.07.13"]
[Round "7"]
[White "Climenhaga, Harold"]
[Black "Beebe, Greg"]
[Result "1-0"]
[WhiteElo "1938"]
[BlackElo "1861"]
[PlyCount "41"]
[GameId "2160767911694810"]
[EventDate "2000.07.08"]
[EventType "swiss"]
[EventRounds "10"]
[EventCountry "CAN"]

1. e4 c5 2. Nf3 Nc6 3. d4 cxd4 4. Nxd4 d6 5. Be3 g6 6. Nc3 a6 7. Qd2 Bg7 8. O-O-O Qc7 9. f3 Nxd4 10. Bxd4 Bxd4 11. Qxd4 Nf6 12. Nd5 Qa5 13. Nxf6+ exf6 14. Qxf6 O-O 15. Bc4 Bd7 16. h4 Rac8 17. Bb3 Qc5 18. h5 gxh5 19. Rd5 Qe3+ 20. Kb1 Be6 21. Rg5+ 1-0

[Event "CAN-op"]
[Site "Edmonton CAN"]
[Date "2000.07.13"]
[Round "7"]
[White "Daniluk, Jim"]
[Black "Jiganchine, Roman"]
[Result "1-0"]
[WhiteElo "2123"]
[BlackElo "2199"]
[PlyCount "47"]
[GameId "2160767911694811"]
[EventDate "2000.07.08"]
[EventType "swiss"]
[EventRounds "10"]
[EventCountry "CAN"]

1. d4 d5 2. c4 c6 3. Nf3 Nf6 4. Nc3 dxc4 5. e4 b5 6. e5 Nd5 7. a4 e6 8. axb5 Nxc3 9. bxc3 cxb5 10. Ng5 Bb7 11. Qh5 g6 12. Qg4 Be7 13. h4 h5 14. Qf4 O-O 15. Rh3 Qd5 16. Rg3 Bxg5 17. Qxg5 Qe4+ 18. Be2 Qf5 19. Qh6 Nd7 20. Ba3 Qe4 21. Be7 Qf5 22. Bxh5 Qe4+ 23. Kf1 Qf5 24. Bg4 1-0

[Event "CAN-op"]
[Site "Edmonton CAN"]
[Date "2000.07.13"]
[Round "7"]
[White "Das, Samir"]
[Black "Blakely, Grant"]
[Result "1-0"]
[WhiteElo "1396"]
[BlackElo "1147"]
[PlyCount "77"]
[GameId "2160767911694812"]
[EventDate "2000.07.08"]
[EventType "swiss"]
[EventRounds "10"]
[EventCountry "CAN"]

1. e4 e5 2. Nf3 Nc6 3. Bb5 Nf6 4. Nc3 Bc5 5. O-O a6 6. Bxc6 dxc6 7. d3 h6 8. Re1 Be6 9. Be3 b6 10. Bxc5 bxc5 11. Nxe5 O-O 12. Nxc6 Qd6 13. Na5 Qb6 14. e5 Nd7 15. Nc4 Bxc4 16. dxc4 Rfe8 17. Qxd7 Qxb2 18. Nd5 Qd4 19. Rad1 Qh4 20. Nxc7 Red8 21. Qc6 Rac8 22. e6 Qe7 23. exf7+ Qxf7 24. Rxd8+ Rxd8 25. Qxc5 Qf6 26. h3 Rc8 27. Qa5 Rf8 28. Qd2 Qf7 29. Nd5 Qa7 30. Re7 Qc5 31. Rc7 Qa3 32. Ne7+ Kh7 33. c3 Re8 34. Qd3+ Kh8 35. Ng6+ Kg8 36. Qd5+ Kh7 37. Qd7 Qc1+ 38. Kh2 Qf4+ 39. Nxf4 1-0

[Event "CAN-op"]
[Site "Edmonton CAN"]
[Date "2000.07.13"]
[Round "7"]
[White "Davies, Lucas"]
[Black "Lipnowski, Samuel"]
[Result "0-1"]
[WhiteElo "1810"]
[BlackElo "2009"]
[PlyCount "128"]
[GameId "2160767911694813"]
[EventDate "2000.07.08"]
[EventType "swiss"]
[EventRounds "10"]
[EventCountry "CAN"]

1. e4 c5 2. Nc3 Nc6 3. g3 g6 4. Bg2 Bg7 5. d3 e6 6. f4 d6 7. Nf3 Nge7 8. O-O O-O 9. Be3 Nd4 10. Bf2 Rb8 11. Rb1 b5 12. Ne2 Nec6 13. c3 Nxe2+ 14. Qxe2 b4 15. d4 Qa5 16. cxb4 cxb4 17. Rfc1 Ba6 18. Qd2 Rfc8 19. d5 exd5 20. Qxd5 Qxd5 21. exd5 Ne7 22. Nd2 Bb7 23. Nc4 Bxd5 24. Bxd5 Nxd5 25. Nxd6 Rxc1+ 26. Rxc1 Bxb2 27. Rc2 Ba3 28. Bxa7 Ra8 29. Bd4 b3 30. Rc6 b2 31. Bxb2 Bxb2 32. f5 Bd4+ 33. Kg2 Rxa2+ 34. Kf3 Nf6 35. g4 g5 36. h4 h6 37. hxg5 hxg5 38. Rc8+ Kg7 39. Ne8+ Nxe8 40. Rxe8 Ra3+ 41. Kg2 Kf6 42. Re4 Be5 43. Rc4 Ke7 44. Rb4 f6 45. Re4 Kd6 46. Re2 Rg3+ 47. Kh1 Rxg4 48. Rd2+ Kc5 49. Rd5+ Kc4 50. Rc5+ Kd3 51. Rc1 Rf4 52. Rb1 Rxf5 53. Rb3+ Kc2 54. Rh3 g4 55. Rh8 Rf3 56. Rg8 g3 57. Kg2 Rf2+ 58. Kg1 f5 59. Re8 Bd4 60. Rc8+ Kd3 61. Kh1 f4 62. Rb8 f3 63. Rb3+ Kc2 64. Kg1 Kxb3 0-1

[Event "CAN-op"]
[Site "Edmonton CAN"]
[Date "2000.07.13"]
[Round "7"]
[White "Davies, Noam"]
[Black "Yamach, Ahmet"]
[Result "0-1"]
[WhiteElo "1485"]
[BlackElo "1771"]
[PlyCount "120"]
[GameId "2160767911694814"]
[EventDate "2000.07.08"]
[EventType "swiss"]
[EventRounds "10"]
[EventCountry "CAN"]

1. e4 c5 2. Nc3 Nc6 3. g3 g6 4. Bg2 Bg7 5. f4 d6 6. Nf3 e6 7. d3 Nge7 8. O-O O-O 9. Be3 Qb6 10. Rb1 Nd4 11. Ne2 Bd7 12. c3 Nxf3+ 13. Bxf3 d5 14. b4 d4 15. bxc5 Qxc5 16. cxd4 Qc7 17. Qb3 b6 18. Rbc1 Qd8 19. e5 Rc8 20. Rxc8 Qxc8 21. Rc1 Qb8 22. Qb4 Nf5 23. Bf2 Rc8 24. Rxc8+ Qxc8 25. g4 Bf8 26. Qc3 Ne7 27. Qxc8 Bxc8 28. Nc3 Ba6 29. Be2 b5 30. Ne4 Nd5 31. Nf6+ Nxf6 32. exf6 Bb7 33. Bd1 Bd5 34. Bb3 Bxb3 35. axb3 a5 36. Be1 a4 37. bxa4 bxa4 38. Bc3 Bd6 39. Kf2 Bxf4 40. h4 Bc1 41. Kf3 a3 42. Ke2 h5 43. Kd1 Bf4 44. gxh5 gxh5 45. Kc2 Bg3 46. Kb3 Bxh4 47. Kxa3 Bxf6 48. Be1 Bxd4 49. Bh4 f5 50. Bg5 e5 51. Kb3 Kf7 52. Kc2 Kg6 53. Bh4 f4 54. Kd2 Kf5 55. Ke2 Kg4 56. Bf2 Bxf2 57. Kxf2 h4 58. d4 exd4 59. Ke2 h3 60. Kf2 d3 0-1

[Event "CAN-op"]
[Site "Edmonton CAN"]
[Date "2000.07.13"]
[Round "7"]
[White "Deimert, David"]
[Black "Alderton, Peter"]
[Result "1/2-1/2"]
[WhiteElo "1099"]
[BlackElo "1585"]
[PlyCount "63"]
[GameId "2160767911694815"]
[EventDate "2000.07.08"]
[EventType "swiss"]
[EventRounds "10"]
[EventCountry "CAN"]

1. d4 d5 2. c4 c6 3. Nc3 Nf6 4. Bg5 Bf5 5. Nf3 e6 6. e3 Be7 7. Be2 dxc4 8. Bxc4 O-O 9. O-O Qc7 10. Bf4 Bd6 11. Bxd6 Qxd6 12. Re1 Bg4 13. h3 Bxf3 14. Qxf3 Nbd7 15. Rad1 Nb6 16. Bb3 Rfe8 17. e4 Qc7 18. e5 Nfd5 19. Nxd5 cxd5 20. Rc1 Qd8 21. Rc3 Rc8 22. Rec1 Qd7 23. Qd1 Rxc3 24. Rxc3 Rc8 25. Qc2 g6 26. Rxc8+ Qxc8 27. Qxc8+ Nxc8 28. g4 Ne7 29. Ba4 a6 30. Bd7 Kf8 31. Kg2 b5 32. Kf3 1/2-1/2

[Event "CAN-op"]
[Site "Edmonton CAN"]
[Date "2000.07.13"]
[Round "7"]
[White "Gardner, Robert"]
[Black "Novikov, Igor A"]
[Result "1/2-1/2"]
[WhiteElo "2221"]
[BlackElo "2611"]
[PlyCount "73"]
[GameId "2160767911694816"]
[EventDate "2000.07.08"]
[EventType "swiss"]
[EventRounds "10"]
[EventCountry "CAN"]
[SourceTitle "EXT 2001"]
[Source "ChessBase"]
[SourceDate "2000.11.22"]
[SourceVersion "1"]
[SourceVersionDate "2000.11.22"]
[SourceQuality "1"]

1. f4 d5 2. g3 g6 3. Nf3 Bg7 4. Bg2 Nh6 5. O-O Nf5 6. d4 h5 7. Bh1 c5 8. c3 Nd7 9. Ne5 cxd4 10. cxd4 Qb6 11. e3 Nxe5 12. fxe5 Bh6 13. Qd3 e6 14. Nc3 Bd7 15. Bxd5 exd5 16. Nxd5 Qd8 17. e4 Ne7 18. Nf6+ Kf8 19. Qf3 Bh3 20. Ng4 Bxf1 21. Bxh6+ Rxh6 22. Nxh6 Kg7 23. Nxf7 Qxd4+ 24. Kh1 Bg2+ 25. Kxg2 Qxb2+ 26. Kh3 Qxa1 27. Qf6+ Kg8 28. Qh8+ Kxf7 29. e6+ Kxe6 30. Qxa1 Rc8 31. Qd4 b6 32. Qf2 Rc5 33. Qd4 Nc6 34. Qg7 Ne7 35. Qd4 Nc6 36. Qg7 Ne7 37. Qd4 1/2-1/2

[Event "CAN-op"]
[Site "Edmonton CAN"]
[Date "2000.07.13"]
[Round "7"]
[White "Gemmell, Ian"]
[Black "Buitendyk, Theo"]
[Result "1-0"]
[WhiteElo "1344"]
[BlackElo "1731"]
[PlyCount "107"]
[GameId "2160767911694817"]
[EventDate "2000.07.08"]
[EventType "swiss"]
[EventRounds "10"]
[EventCountry "CAN"]

1. f4 Nf6 2. e3 e6 3. Nf3 d5 4. b3 Be7 5. Bb2 c5 6. Be2 Nc6 7. O-O O-O 8. d3 Ng4 9. Qd2 d4 10. e4 b5 11. c3 Bb7 12. Nxd4 cxd4 13. Bxg4 dxc3 14. Qxc3 Bf6 15. e5 Be7 16. Bf3 Rc8 17. Qe1 Bc5+ 18. Kh1 Qxd3 19. Be4 Qd8 20. Nc3 Qb6 21. Qh4 h6 22. Qh5 Nd4 23. f5 Bxe4 24. Nxe4 Nxf5 25. Nf6+ Kh8 26. Nd7 Qc7 27. Nxf8 Rxf8 28. Rac1 Qe7 29. Rf3 Be3 30. Rcf1 Rc8 31. g4 g6 32. Qh3 Bd4 33. Bxd4 Nxd4 34. Rxf7 Qg5 35. Rf8+ Rxf8 36. Rxf8+ Kg7 37. Qf1 Qe7 38. Qf6+ Qxf6 39. Rxf6 h5 40. gxh5 gxh5 41. h4 b4 42. Kg2 Ne2 43. Kf3 Nd4+ 44. Kf4 a5 45. Kg5 Ne2 46. Rxe6 Nc1 47. Ra6 Nxa2 48. Rxa5 Nc1 49. Rb5 Nxb3 50. Rb7+ Kf8 51. Kf6 Ke8 52. e6 Kd8 53. Rxb4 Nc5 54. e7+ 1-0

[Event "CAN-op"]
[Site "Edmonton CAN"]
[Date "2000.07.13"]
[Round "7"]
[White "Gomboc, Dave"]
[Black "Xia, Yanchong"]
[Result "1/2-1/2"]
[WhiteElo "1991"]
[BlackElo "1731"]
[PlyCount "54"]
[GameId "2160767911694818"]
[EventDate "2000.07.08"]
[EventType "swiss"]
[EventRounds "10"]
[EventCountry "CAN"]

1. e4 c5 2. Nf3 Nc6 3. d4 cxd4 4. Nxd4 e5 5. Nb5 d6 6. N1c3 a6 7. Na3 b5 8. Nd5 Be7 9. c3 Nf6 10. Bd3 Nxd5 11. exd5 Nb8 12. O-O O-O 13. Nc2 Nd7 14. a4 f5 15. f4 e4 16. Be2 bxa4 17. Be3 Bb7 18. Rxa4 g5 19. g4 Nc5 20. Ra2 gxf4 21. Bxf4 Bg5 22. b4 Bxf4 23. bxc5 Bxh2+ 24. Kxh2 Qh4+ 25. Kg2 f4 26. c6 Qg3+ 27. Kh1 Qh3+ 1/2-1/2

[Event "CAN-op"]
[Site "Edmonton CAN"]
[Date "2000.07.13"]
[Round "7"]
[White "Gomes, Alan"]
[Black "Bukowski, George"]
[Result "1/2-1/2"]
[WhiteElo "1946"]
[BlackElo "1662"]
[PlyCount "92"]
[GameId "2160767911694819"]
[EventDate "2000.07.08"]
[EventType "swiss"]
[EventRounds "10"]
[EventCountry "CAN"]

1. e4 c5 2. Nf3 d6 3. Bb5+ Bd7 4. Bxd7+ Nxd7 5. O-O Ngf6 6. Nc3 e6 7. d4 cxd4 8. Nxd4 Be7 9. f4 e5 10. Nf5 O-O 11. Nd5 Nxd5 12. exd5 Bf6 13. fxe5 Nxe5 14. Kh1 g6 15. Nh6+ Kh8 16. Bf4 Qd7 17. Rb1 Rae8 18. b3 Bg7 19. h3 b5 20. Qd2 f6 21. Be3 Rc8 22. Rf2 Qc7 23. Bd4 a5 24. Rbf1 b4 25. Ng4 Nxg4 26. hxg4 Qd7 27. Qf4 f5 28. gxf5 Rxf5 29. Bxg7+ Kxg7 30. Qd4+ Kg8 31. g4 Rxf2 32. Rxf2 Qc7 33. Qf6 Qd7 34. Qf4 Qe7 35. Kg2 Re8 36. Rf3 Qe2+ 37. Kh3 Qe7 38. c3 bxc3 39. Rxc3 Qe5 40. Qf3 h5 41. gxh5 Rf8 42. Qd3 Qxh5+ 43. Kg2 Qg4+ 44. Qg3 Qe2+ 45. Kh3 Qh5+ 46. Kg2 Qe2+ 1/2-1/2

[Event "CAN-op"]
[Site "Edmonton CAN"]
[Date "2000.07.13"]
[Round "7"]
[White "Goutor, Valentina"]
[Black "Birgani, Farokh"]
[Result "1-0"]
[WhiteElo "1605"]
[BlackElo "1685"]
[PlyCount "97"]
[GameId "2160767911694820"]
[EventDate "2000.07.08"]
[EventType "swiss"]
[EventRounds "10"]
[EventCountry "CAN"]

1. e4 e5 2. Nf3 Nc6 3. d4 d6 4. dxe5 Bg4 5. exd6 Bxd6 6. Be2 Nge7 7. O-O O-O 8. h3 Bh5 9. Nc3 f5 10. exf5 Nxf5 11. g4 Bg6 12. gxf5 Bxf5 13. Bc4+ Kh8 14. Ng5 Ne5 15. Bd3 Nxd3 16. cxd3 h6 17. Qh5 Qf6 18. Nce4 Bg6 19. Nxf6 Bxh5 20. Nxh5 hxg5 21. Bxg5 Rf3 22. Be3 Rxh3 23. Nf4 Rh6 24. Kg2 Rf8 25. Ne2 Rh2+ 26. Kg1 Re8 27. Bf4 Rh3 28. Bxd6 Rxe2 29. Bxc7 Rxb2 30. Be5 Rb5 31. d4 Rb6 32. Kg2 Rd3 33. f4 Rb2+ 34. Rf2 Rb6 35. f5 Kg8 36. f6 gxf6 37. Rxf6 Rb2+ 38. Rf2 Rb6 39. Rg1 Kh7 40. Kh1 Rh3+ 41. Rh2 Rxh2+ 42. Kxh2 Rh6+ 43. Kg3 Kg8 44. Kf4+ Kf7 45. Rg7+ Ke8 46. Rxb7 Ra6 47. Kf5 Kd8 48. d5 Rxa2 49. Ke6 1-0

[Event "CAN-op"]
[Site "Edmonton CAN"]
[Date "2000.07.13"]
[Round "7"]
[White "Hansen, Steve"]
[Black "Tsui, Edwin"]
[Result "0-1"]
[WhiteElo "1781"]
[BlackElo "1548"]
[PlyCount "80"]
[GameId "2160767911694821"]
[EventDate "2000.07.08"]
[EventType "swiss"]
[EventRounds "10"]
[EventCountry "CAN"]

1. Nf3 d6 2. g3 g6 3. Bg2 Bg7 4. O-O c5 5. d3 Nf6 6. e4 Nc6 7. c3 O-O 8. Na3 Rb8 9. Nc2 Bg4 10. Ne3 Bxf3 11. Bxf3 b5 12. Rb1 Ne5 13. Be2 Nfd7 14. f4 Nc6 15. Bf3 e6 16. Bd2 Nb6 17. Qe2 Re8 18. Qg2 Ne7 19. g4 d5 20. g5 dxe4 21. dxe4 f5 22. gxf6 Bxf6 23. Ng4 Bg7 24. Be3 Qc7 25. Rfd1 Rbd8 26. Nf2 Nc4 27. Rxd8 Rxd8 28. Bc1 e5 29. Nh3 Rf8 30. b3 Nb6 31. Qg4 c4 32. Ng5 Rf6 33. Ne6 Qd6 34. fxe5 Qxe5 35. Nd4 cxb3 36. axb3 Qc5 37. Bb2 Rd6 38. Kg2 Bxd4 39. b4 Qc7 40. e5 Bxe5 0-1